Statistics for SAT Words HARD Click Quiz - S #5 - Daily Word Quiz!

Click here to take the quiz!

General Stats

  • This quiz has been taken 50 times
  • The average score is 12 of 16

Answer Stats

HintAnswer% Correct
Trained wine expert; manager of a restaurant's wine serviceSommelier
91%
Showing hypocritical religious devotion, piety, or moral superioritySanctimonious
86%
Room for dishwashing and kitchen-workScullery
86%
A habitually lazy or indolent personSluggard
86%
The provision of support, maintenance, or nourishment; conservancySustentation
84%
Excessively sweet or sentimental; cloyingSaccharine
81%
Mental numbness or confusion, often resulting from shock or disbeliefStupefaction
81%
Able to display self-control in regards to pleasure or painStoic
79%
Shallow area in a body of water, such as a sandbarShoal
77%
A ditch adjacent to a parapet; or, an abrupt, cliff-like slopeScarp
74%
Everlasting; enduring without endSempiternal
74%
Official or representative of a corporation or government; or, a magistrateSyndic
72%
Fine, spray-like water droplets blown from breaking wavesSpindrift
67%
Displaying haughty disdain or patronizing arroganceSupercilious
63%
Short, satirical piece of writingSquib
53%
Subsidy provided to support a specific project or institutionSubvention
53%

Score Distribution

Percentile by Number Answered

Percent of People with Each Score

Your Score History

You have not taken this quiz